| 000 | 00415cam a2200181ua 4500 | ||
|---|---|---|---|
| 020 | _c60.00 | ||
| 041 |
_aeng _h |
||
| 082 |
_a692.5 _bRAN/EL |
||
| 100 | _aRangwala, S C . | ||
| 245 | _aElements of estimating and costing | ||
| 260 |
_aNew Delhi : _bCharotar book stall , _c1965. |
||
| 300 | _a208 ; . | ||
| 365 | _a60.00 | ||
| 504 | _a | ||
| 942 | _cBK | ||
| 999 |
_c1712 _d1712 |
||